00398nam a2200145 a 4500008004100000050001400041100002000055245001900075246005300094260004000147350000900187650001500196650001900211650002200230120416s1959 ||||||||||||||||| || u aHD 31 Dal aDalton, Melvill10aMen who manage afusions of feelings and theory in administration aNew YorkbJohn Wiley and Sonsc1959 a0.00 0aMANAGEMENT aADMINISTRATION aMANAGEMENT THEORY